| 000 | 01257nam a22002417a 4500 | ||
|---|---|---|---|
| 003 | OSt | ||
| 005 | 20211004115300.0 | ||
| 008 | 120814t xxu||||| |||| 00| 0 eng d | ||
| 020 | _a9780273730460 | ||
| 040 | _cLC | ||
| 050 | _aTS183.S56 | ||
| 100 | _aSlack, Nigel | ||
| 245 |
_aOperations management. / _cNigel Slack, Stuart Chambers, Robert Johnston |
||
| 250 | _a6th ed. | ||
| 260 |
_aHarlow: _bPearson, _c2010. |
||
| 300 |
_axxv, 686 p.: _bill.; |
||
| 500 | _aIncludes index | ||
| 505 | _aContents: Operations management -- Operations performance -- Operations strategy -- Process design -- The design of products and services -- Supply network design -- Layout and flow -- Process technology -- People, jobs, and organization -- The nature of planning and control -- Capacity planning and control -- Inventory planning and control -- Supply chain planning and control -- Enterprise resource planning (ERP) -- Lean synchronization -- Project planning and control -- Quality management -- Operations improvement -- Risk management -- Organizing for improvement -- Operations and corporate social responsibility (CSR) -- | ||
| 653 | _aProduction management | ||
| 700 | _aChambers, Stuart | ||
| 700 | _aJohnson, Robert | ||
| 942 |
_2lcc _cBK |
||
| 999 |
_c7796 _d15296 |
||